1955 1596 1658 1798 1091 1473 1848 1422 1262 1783 1934 1054 1573 1030 1181 1142 1997 1806 1163 1618 1074 1977 1242 1924 1615 1973 1905 1214 1796 1483 1932 1111 1362 1582 1521 1780 1289 1519 1155 1036 1149 1319 1036 1532 1779 1808 1639 1639 1837 1527 1420 1954 1063 1241 1915 1989 1286 1117 1842 1153 1663 1332 1881 1304 1191 1075 1138 1320 1502 1419 1838 1480 1716 1446 1245 1178 1561 1210 1481 1159 1346 1283 1264 1685 1164 1182 1512 1126 1258 1785 1171 1412 1474 1174 1137 1627 1568 1967 1514 BCNSPRNW ULIB Ver.6.0+V

เปลี่ยนเป็นภาษาไทย

Change to English
 แสดงรายละเอียดบรรณานุกรม
  กลับหน้าหลัก

Brief Record : Get Marc (ISO 2709) : E-mail record : QR code < ปิดหน้าต่าง
LEADER : 00000nam 2200000uu 4500
001    13399126291
003     ULIB
008    180904s2560||||th 000 0 tha d
020    ^a9789744669896
040    ^abcn
060 04 ^aWO100^bศ170
245 10 ^aศัลยศาสตร์ธรรมศาสตร์ =^bThammasat Surgery/^cบรรณาธิการ,วีระยุทธ โถวประเสริฐ...[และคนอื่นๆ]
250    ^aพิมพ์ครั้งที่ 1
260    ^aปทุมธานี :^bโรงพิมพ์มหาวิทยาลัยธรรมศาสตร์,^c2560
300    ^a532 หน้า :^bภาพประกอบ
650  2 ^aศัลยศาสตร์^xรวมเรื่อง
700 0  ^aวีระยุทธ โถวประเสริฐ,^eบรรณาธิการ
945    ^p0^l0^i26500
945    ^p0^l0^i26499
999    ^aกัณชพร จุลอักษร
รายการนี้ยังไม่มีแท็ก
คุณยังไม่ได้ล็อกอิน คุณสามารถมีกิจกรรมร่วมกับเว็บไซต์ได้ แต่ต้องล็อกอินก่อน ::
  ล็อกอิน

รายการสื่อสารสนเทศ

ลำดับที่ ประเภท เลขเรียก/บาร์โค้ด สถานที่ สถานะ
1. หนังสือสำรอง
หนังสือสำรอง
WO100 ศ170 ฉ.1 
  Barcode: 26499
ห้องสมุดวิทยาเขตนครสวรรค์
►หนังสือทั่วไป:l:General Books
บนชั้น
2. วิทยาศาสตร์การแพทย์ และสุขภาพ
วิทยาศาสตร์การแพทย์ และสุขภาพ
WO100 ศ170 ฉ.2 
  Barcode: 26500
ห้องสมุดวิทยาเขตนครสวรรค์
►หนังสือทั่วไป:l:General Books
บนชั้น

รายการใกล้เคียง
    หัวเรื่อง [ศัลยศาสตร์ รวมเรื่อง]

BibComment


ยังไม่เคยถูกคอมเมนท์

คอมเมนท์ทรัพยากรรายการนี้
  คอมเมนท์: ศัลยศาสตร์ธรรมศา..


 Copyright 2026. Bcnsprnw @Library